000 01389nam a2200361 i 4500
001 000015391
003 DO-SdBNP
005 20260303085131.0
007 ta
008 100208s2005 dr 001 0 spa d
020 _a9993479284
040 _aDO-SdBNP
_bspa
_cBNPHU
_erda
041 _aspa
049 _aBNPD
082 4 _a923.43
_bM186c
_222
100 1 _aMora, Wilfredo,
_d1965-
_eautor
_4aut.
_912701
245 1 0 _aMaestros de la criminología dominicana :
_bapuntes biográficos de los criminológos clásicos dominicanos /
_cWilfredo Mora.
264 1 _aSanto Domingo :
_bBúho,
_c2005.
300 _a132 páginas ;
_c22 cm.
336 _atexto
_btxt
_2rdacontent
337 _asin mediación
_bn
_2rdamedia
338 _avolumen
_bnc
_2rdacarrier
490 1 _aPensamiento criminológico dominicano;
490 1 _aMaestros de la criminología dominicana
_v3
500 _aIncluye datos biográficos del autor en la contracubierta
500 _aIncluye índice onomástico
500 _aIncluye referencias bibliográficas y notas al pie de las páginas
504 _aBibliografía : páginas 125-126
650 4 _aPolicia judicial
_xBiografías
_zRepública Dominicana
_934767
650 7 _aCriminología
_zRepública Dominicana
_917089
_2LIBRUNAM
830 0 _aPensamiento criminológico dominicano
_pMaestros de la criminología dominicana
_n3
_916874
942 _2ddc
_cLBS1
999 _c14953
_d14953